00494nam a2200205Ia 4500008004100000020001800041050001400059100002200073245003800095245002500133260001500158260001600173260000900189300001600198300002600214300001000240300002300250440000700273500000800280170918s9999 xx 000 0 und d a9780439691413 bS857 2003 aStilton, Geronimo aShipwreck on the pirate islands / cby Geronimo Stilton. aNew York : bScholastic, c2003 a107 pages : bcolor illustrations ; c19cm. eGeronimo Stilton ; a18 a490